literature featuring sports - Statistics

General Stats
  • This quiz has been taken 13 times
  • The average score is 5 of 15
Answer Stats
title type author year sport % Correct
Casey at the Bat poem Ernest Thayer 1888 baseball
100%
The Loneliness of the Long-Distance Runner short story Alan Sillitoe 1959 running
85%
The Rocking-Horse Winner short story D.H. Lawrence 1926 horse racing
62%
The Sun Also Rises novel Ernest Hemingway 1926 bullfighting
38%
Infinite Jest novel David Foster Wallace 1996 tennis
38%
Hamlet, Prince of Denmark play William Shakespeare 1623 fencing
31%
Rip Van Winkle short story Washington Irving 1819 bowling
23%
Fat City novel Leonard Gardner 1969 boxing
23%
Death of a Salesman play Arthur Miller 1949 football
23%
Rebecca novel Daphne du Maurier 1938 sailing
23%
Ethan Frome novella Edith Wharton 1911 sledding
23%
Cat on a Hot Tin Roof play Tennessee Williams 1955 football
15%
The Wheels of Chance novel H. G. Wells 1896 cycling
8%
The Prelude poem William Wordsworth 1850 ice skating
8%
The Bell Jar novel Sylvia Plath 1963 skiing
8%
No matching quizzes found
Score Distribution
Percent of People with Each Score
Percentile by Number Answered
Your Score History
You have not taken this quiz